000 00276nam a2200121 i 4500
001 bg
245 0 _aTechnologie der Keramik.
_nT. 4,
_pGesamtprozeb.
260 _aBerlin,
_c1988.
040 _cBPK
041 _apol
942 _cKS
008 s pl f |000 0 pol
999 _c23986
_d23986
856 _uhttp://koha.tu.koszalin.pl/cgi-bin/koha/opac-detail.pl?biblionumber=23986
_yKatalog online BPK